Statistiken für Städte in Indien mit 1 Million Einwohnern

Klicken Sie hier um das Quiz zu spielen!

Allgemein

  • Dieses Quiz wurde 1.316 mal gespielt
  • Das Durchschnittsergebnis liegt bei 16 aus 55

Antworten auf der Karte

Die Antworten werden auf der Karte rot bzw. grün angezeigt, abhängig davon wie oft sie richtig erraten wurden.
 

Antwortstatistiken

PopStadt% Korrekt
24.2 mMumbai
96%
28.4 mDelhi
94%
16.4 mKolkata
86%
10.7 mChennai
73%
11.5 mBengaluru
72%
9.60 mHyderabad
68%
8.00 mAhmedabad
60%
6.50 mPune
53%
3.75 mJaipur
51%
2.18 mAgra
50%
3.53 mLakhnau
41%
6.30 mSurat
40%
3.15 mNagpur
34%
3.38 mKanpur
32%
2.30 mBhopal
31%
2.58 mPatna
29%
1.86 mVaranasi
27%
1.35 mAmritsar
26%
3.03 mIndore
26%
2.58 mCoimbatore
25%
1.40 mJodhpur
24%
1.71 mMadurai
23%
1.56 mKochi
22%
1.53 mSrinagar
22%
1.91 mLudhiana
21%
1.77 mRajkot
21%
2.08 mVisakhapatnam
21%
2.20 mChandigarh
20%
1.96 mNashik
20%
1.17 mMysore
19%
1.10 mGuwahati
18%
2.13 mVadodara
18%
1.67 mMeerut
17%
1.36 mRanchi
17%
1.42 mAllahabad
16%
2.73 mBhilai
16%
1.00 mKozhikode
16%
1.70 mAurangabad
15%
1.44 mJabalpur
15%
1.08 mJalandhar
15%
1.34 mDhanbad
14%
1.35 mGwalior
14%
1.30 mKotā
14%
1.91 mVijayawada
14%
1.24 mBareilly
13%
1.07 mSalem
13%
1.06 mSolapur
13%
1.82 mBhubaneswar
12%
1.60 mJamshedpur
12%
1.18 mMorādābād
12%
1.17 mTiruchirappalli
12%
1.17 mAlīgarh
11%
1.56 mĀsansol
11%
1.33 mTiruppur
11%
1.09 mHubli-Dharwad
10%

Verteilung der Resultate

Perzentil nach korrekt beantworteten Fragen

Anzahl Personen mit jedem Resultat

Ihre Resultats-Entwicklung

Sie haben dieses Quiz noch nicht gespielt